00273 a2200121 450000100060000004000220000624000410002824500300006930000070009965000210010694200070012799900170013467997 cAnchieta - Pituba10aLingo macht mint, heft 10ldeu / ger10aLingo macht mint, heft 10 a10 4aLíngua alemã cBK c67997d67997